LIBRARY & INFORMATION CENTRE, KCAET, TAVANUR

ONLINE PUBLIC ACCESS CATALOGUE (OPAC)

Evaluation of physiological cost and subjective assessment of existing coconut climibing devices (Record no. 14968)

MARC details
000 -LEADER
fixed length control field 00744nam a22001817a 4500
003 - CONTROL NUMBER IDENTIFIER
control field OSt
088 ## - REPORT NUMBER
Report number T 324
100 ## - MAIN ENTRY--AUTHOR NAME
Personal name HAMEEDA BINDU VAHAB
245 ## - TITLE STATEMENT
Title Evaluation of physiological cost and subjective assessment of existing coconut climibing devices
260 ## - PUBLICATION, DISTRIBUTION, ETC. (IMPRINT)
Place of publication Tavanur 2015
Name of publisher DEPARTMENT OF FARM POWER MACHINERY AND ENERGY
300 ## - PHYSICAL DESCRIPTION
Number of Pages 115
500 ## - GENERAL NOTE
General note Evaluation of physiological cost and subjective assessment of existing coconut climibing devices
520 ## - SUMMARY, ETC.
Summary, etc Evaluation of physiological cost and subjective assessment of existing coconut climibing devices
700 ## - ADDED ENTRY--PERSONAL NAME
Personal name Dr. Bini Sam (Guide)
856 ## - ELECTRONIC LOCATION AND ACCESS
Uniform Resource Identifier https://drive.google.com/open?id=1F1Mr6LgeGPauSKXOtFU5D-Rv9fX3M940
942 ## - ADDED ENTRY ELEMENTS (KOHA)
Koha item type Theses
Holdings
Collection code Home library Current library Shelving location Full call number Accession Number Koha item type Public note
Reference KAUAET KAUAET Reference 631.3 HAM/EV T 324 Theses M.Tech Thesis
free website counter